| 000 | 00761nam1a22002171i 4500 | ||
|---|---|---|---|
| 001 | rc\2859626 | ||
| 005 | 20240726093033.0 | ||
| 035 | _a(NLR Aleph) 007014017 | ||
| 090 |
_a5842856 _c5842856 |
||
| 100 | _a20110710d1958 |||y0rusy50 ca | ||
| 101 | 0 | _arus | |
| 102 | _aRU | ||
| 105 | _ay z ||||| | ||
| 200 | 1 |
_aПолное собрание сочинений _e[Юбилейное изд. 1828-1928] _hСерия первая - третья _iПроизведения, дневники, письма |
|
| 210 |
_aМосква _cГослитиздат _d1958 |
||
| 215 | _d25 см | ||
| 700 | 1 |
_aТолстой _bЛ.Н. _f1828-1910 _gЛев Николаевич |
|
| 801 | 0 |
_aRU _bNLR _gpsbo |
|
| 801 | 1 |
_aRU _bELAR _2rusmarc |
|
| 852 |
_aNLR _bЛ _j30 Г-7/109 |
||
| 942 | _cBOOK | ||